Μελέτη ανάπτυξης Νομού Χίου : τελικό κείμενο
Αποθηκεύτηκε σε:
| Συγγραφή απο Οργανισμό/Αρχή: | |
|---|---|
| Μορφή: | Βιβλίο |
| Γλώσσα: | Greek |
| Δημοσίευση: |
[Χίος;] :
[χ.ό.],
1988
|
| Θέματα: | |
| Ετικέτες: |
Προσθήκη ετικέτας
Δεν υπάρχουν, Καταχωρήστε ετικέτα πρώτοι!
|
MARC
| LEADER | 00000nam a2200000 i 4500 | ||
|---|---|---|---|
| 001 | 1/9276 | ||
| 008 | 000804s1988 gre d | ||
| 035 | |l 10062992 | ||
| 040 | |a GR-MY-UA |b gre |e aacr | ||
| 041 | 0 | |a gre | |
| 082 | 0 | |a 338.9499 | |
| 110 | 2 | |a Νομαρχία Χίου. | |
| 245 | 1 | 0 | |a Μελέτη ανάπτυξης Νομού Χίου : |b τελικό κείμενο / |c Νομαρχία Χίου |
| 260 | |a [Χίος;] : |b [χ.ό.], |c 1988 | ||
| 300 | |a 2τ. σε 1 (286 σ.) | ||
| 500 | |a Η μελέτη εκπονήθηκε για λογαριασμό και με τη συνεργασία της νομαρχίας Χίου | ||
| 650 | 0 | 0 | |a Economic development |z Greece |z Chios Island. |
| 852 | |a INST |b CHIOS |e 20000804 |h 338.9499 ΝΟΜ |p 005200017452 |q 005200017452 |t BK |y 0 | ||
| 901 | |a BIBL2-2002-1 | ||
| 909 | |a Χ |b 076122 | ||
| 970 | |a ΣΑΛΑΜΟΥΡΑ |b ΜΑΡΙΑ |z 2002/04/17 | ||